000 00288nam a2200109Ia 4500
008 171211s9999 xx 000 0 und d
245 4 _aThe Fictional Christopher Nolan
245 _cTodd McGowan
260 _c2012
650 _xART
856 _uhttp://down.ebook777.com/062/0292737823.pdf
999 _c348567
_d348567